quiz trop cool de films en emojis - Statistiques

Statistiques générales
  • Ce quiz a été pris 139 fois
  • Le résultat moyen est 3 sur 15
Statistiques - réponses
Hint Réponse % Correct
🐷🐘🦍🎤🎶 Tous en scène
57%
💄🎀👙💁🏼‍♀️🛼 Barbie
50%
🧌🫏🐉❤️👸🏼🟢 Shrek
50%
🌊🪩👰🏼‍♀️👨🏻👨🏻👨🏻🎵 Mamma Mia
35%
☔️🎶🌃 Singing in the rain
27%
👨🏻‍🦲🔫👧🏻👧🏻👧🏻🌕🍪 Moi moche et mechant
22%
🫏👸🏼🧚‍♂️💍 Peau d'âne
13%
🦞🏩🐕👀 The lobster
10%
👂🏻✈️💥🧐🇫🇷 Boite noire
9%
👧🏻🪡🐁🐈‍⬛🎪🤐 Coraline
8%
🍸🇫🇷💃🏻❤️🩸🎼 Moulin Rouge
6%
💐🙏✝️🌸🔥👩🏼⚰️ Midsommar
4%
🎵👨🏻‍🎤🎸👹👻 Phantom of the paradise
2%
🚽☠️🌃💊👶🏼🍆 Enter the Void
0%
🎭💋🍷🧛🍑🍌 Eyes Wide Shut
0%
Aucun quiz correspondant
Distribution des résultats
% des personnes avec chaque résultat
Percentile par nombre de réponses
Votre historique - résultats
Vous n’avez pas pris ce quiz